| 000 | 00375nam a2200121 4500 | ||
|---|---|---|---|
| 008 | 180214b xxu||||| |||| 00| 0 eng d | ||
| 100 |
_926467 _aSimeon, Louise Maureen. |
||
| 245 |
_aPhl urged to focus on other crops/ _cLouise Maureen Simeon. |
||
| 260 |
_aPhilippines: _bThe Philippines Star, _cc2017. |
||
| 300 | _apage B11. | ||
| 650 | 0 |
_926469 _aAgriculture. |
|
| 942 |
_2ddc _cPER |
||
| 999 |
_c8627 _d8627 |
||